Welcome to WEB OPAC of MRSPTU Central Library

Digital Electronics (Record no. 7689)

MARC details
000 -LEADER
fixed length control field 00374nam a2200157Ia 4500
008 - FIXED-LENGTH DATA ELEMENTS--GENERAL INFORMATION
fixed length control field 230711s9999||||xx |||||||||||||| ||und||
041 ## - LANGUAGE CODE
Language code of text/sound track or separate title ENG
082 ## - DEWEY DECIMAL CLASSIFICATION NUMBER
Classification number 621.381
Item number SA-D
100 ## - MAIN ENTRY--PERSONAL NAME
Personal name Sangar,V.K
245 #0 - TITLE STATEMENT
Title Digital Electronics
250 ## - EDITION STATEMENT
Edition statement 1st Ed.
260 ## - PUBLICATION, DISTRIBUTION, ETC.
Date of publication, distribution, etc. 2011
Place of publication, distribution, etc. Jalandhar
Name of publisher, distributor, etc. Raj Publications
300 ## - PHYSICAL DESCRIPTION
Extent 570p.
650 ## - SUBJECT ADDED ENTRY--TOPICAL TERM
Topical term or geographic name entry element Electronics Engineering
942 ## - ADDED ENTRY ELEMENTS (KOHA)
Koha item type Book
Holdings
Withdrawn status Lost status Damaged status Not for loan Collection Home library Current library Date acquired Cost, normal purchase price Total checkouts Full call number Barcode Date last seen Price effective from Koha item type
          MRSPTU Central Library MRSPTU Central Library   220.00   621.381 SA-D PW591 08/17/2023 08/17/2023 Book
          MRSPTU Central Library MRSPTU Central Library   220.00   621.381 SA-D PW592 08/17/2023 08/17/2023 Book
          MRSPTU Central Library MRSPTU Central Library   220.00   621.381 SA-D PW593 08/17/2023 08/17/2023 Book
          MRSPTU Central Library MRSPTU Central Library   220.00   621.381 SA-D PW594 08/17/2023 08/17/2023 Book
          MRSPTU Central Library MRSPTU Central Library   220.00   621.381 SA-D PW595 08/17/2023 08/17/2023 Book
          MRSPTU Central Library MRSPTU Central Library   220.00   621.381 SA-D PW596 08/17/2023 08/17/2023 Book
          MRSPTU Central Library MRSPTU Central Library   220.00   621.381 SA-D PW597 08/17/2023 08/17/2023 Book
          MRSPTU Central Library MRSPTU Central Library   220.00   621.381 SA-D PW598 08/17/2023 08/17/2023 Book
          MRSPTU Central Library MRSPTU Central Library   220.00   621.381 SA-D PW599 08/17/2023 08/17/2023 Book

Website Designed and Developed by MRSPTU Central Library Team

E-mail Id: librarian@mrsptu.ac.in